000 00525nam a2200193 4500
001 3465
005 20181127171242.0
010 0 0 _a
020 0 0 _a978071766586
090 0 0 _a428.0076 T641of 2012
100 0 0 _a
245 0 0 _aThe official guide to the TOEFL test.
_b
_c
_h
250 0 0 _a4th ed.
260 0 0 _aNew York :
_bMcGraw Hill,
_c2012.
300 0 0 _a653 p. : ill. ; 27 cm.
500 0 0 _a
650 0 0 _aEnglish language --Examinations --Study guides.
_x
650 0 0 _aTest of English as a Foreign Language --Study guides.
_x
999 _c2807
_d2807